La educación básica de adultos : la otra educación.

Kaydedildi:
Detaylı Bibliyografya
Yazar: Messina, Graciela (autor)
Materyal Türü: Kitap
Dil:İspanyolca
Seri Bilgileri:(REDALF)
Konular:
Etiketler: Etiketle
Etiket eklenmemiş, İlk siz ekleyin!

MARC

LEADER 00000cam^a2200000uu^4500
001 000462752
005 20250521000000.0
008 050901s1993^^^^^^^^^^^^rd^r^^000^0^spa^d
009 20260310124256.545
035 |a FCE 000005300 
035 |a FCE 020604 
037 |a Acervo ITESO - Biblioteca 
041 |a spa 
082 0 4 |a 374.98  |b MESe 
100 |a Messina, Graciela  |e (autor) 
245 1 3 |a La educación básica de adultos :  |b la otra educación. 
264 |a Santiago de Chile :  |b OREALC,  |c 1993. 
300 |a 212 p. 
336 |a texto  |b txt  |2 rdacontenido 
337 |a sin mediación  |b n  |2 rdamedio 
338 |a volumen  |b nc  |2 rdasoporte 
440 0 |a (REDALF) 
649 |a XX 
650 |a Educación de adultos 
650 |a Educación básica 
650 |a Estudio regional 
650 |a Demanda de educación 
650 |a Resultados de investigación 
650 |a Oferta 
650 |a América Latina 
910 |a Fondo Centro de Estudios Educativos 
920 |a Impresos - Libros 
930 |a Fondos Especiales 
905 |a 133 
901 |a ALE020604  |b IT2  |c CEE  |u 20250521 
902 |a https://opac.biblio.iteso.mx/vufind/Record/000462752